Tilastot visalle Finlandia - sanat

Klikkaa tästä pelataksesi tätä visaa!

Yleistilastot

  • Tätä visaa on pelattu 228 kertaa
  • Keskiarvotulos 9 / 12

Vastaustilastot

sanat% Oikein
Oi {Suomi}, katso, sinun päiväs koittaa
100%
Sun päiväs koittaa, oi {synnyinmaa}
85%
Oi nouse, Suomi, nosta {korkealle}
83%
Yön uhka {karkoitettu} on jo pois
82%
Kuin itse {taivahan} kansi sois
81%
Oi nouse, Suomi, näytit {maailmalle}
81%
Ja aamun kiuru kirkkaudessa {soittaa}
75%
Ja ettet taipunut sa {sorron} alle
75%
Sa että {karkoitit} orjuuden
69%
Pääs seppelöimä {suurten} muistojen
66%
Yön vallat aamun {valkeus} jo voittaa
65%
On {aamus} alkanut, synnyinmaa
58%

Tulosjakauma

Persentiili vastausten määrän mukaan

Jokaisen tuloksen saaneiden osuus

Tuloshistoriasi

Et ole pelannut tätä visaa